01620cam a22003973a 450000100090000000300090000900500170001800800390003502000150007402000190008903500230010804000430013104300210017408200210019510000500021624500670026626400570033330000230039033600260041333700280043933800270046749000310049452100270052560000610055265000570061365000440067065100340071465300230074865500240077170000400079585601060083585600910094194200120103299900170104495201610106112583150EG-ScBUE20220616101633.0000715s2008 enk r f 000 j enf eng a1405867795 a9781405867795  a(OCoLC)ocm43331441 aDLCbengerdacDLCdBKLdDLCdEG-ScBUE ae-be---af-ua---04222a823.912bCHR1 aChristie, Agatha,d1890-1976,eauthor.92458710aDeath on the Nile /cAgatha Christie ; retold by Nancy Taylor. 1aHarlow, England :bPearson Education Limited,c2008. a96 pages ;c20 cm. 2rdacontentatextbtxt 2rdamediaaunmediatedbn 2rdacarrieravolumebnc0 aPenguin readers ;vlevel 5 aB2: Upper-Intermediate17aPoirot, Herculec(Fictitious character)vFiction.2BUEsh 7aPrivate investigatorszEgyptvFiction.9245892BUEsh 7aBelgianszEgyptvFiction.9245902BUEsh 7aEgyptvFiction.9245912BUEsh cJune2011bHHUUEENN vReading book9342321 98282aTaylor, Nancy, econtributor.423Contributor biographical informationuhttp://www.loc.gov/catdir/enhancements/fy0717/2001554704-b.html423Publisher descriptionuhttp://www.loc.gov/catdir/enhancements/fy0717/2001554704-d.html 2ddccBB c15518d15518 00102ddc40708BaccahaMAINbMAINc2NDd2011-06-02ePurchaseg40.00h12341l9m16o823.912 CHRp000023988r2025-07-15 00:00:00s2025-02-18w2011-06-02yBB